| 000 | 06203nam a22016937a 4500 | ||
|---|---|---|---|
| 003 | PE-LiUPU | ||
| 005 | 20250813170010.0 | ||
| 008 | 220913b |||||||| |||| 00| 0 spa d | ||
| 020 | _a9788428340694 | ||
| 040 |
_aPE-LiUPU _bspa _cPE-LiUPU _erda |
||
| 082 |
_223 _a629.1324 _bP124m |
||
| 100 | 1 |
_aPadovano, Francesco _4aut |
|
| 245 | 1 | 0 |
_aMeteorología básica para drones / _c[Francesco Padovano] ; prólogo de Juan José Sola Bañasco |
| 264 |
_aMadrid : _bParaninfo, _c2018 |
||
| 300 |
_a107 páginas _bilustraciones _c24 centímetros |
||
| 336 |
_aTexto (visual) _2isbdcontent |
||
| 337 |
_asin mediación _2isbdmedia |
||
| 505 | _aIntroducción -- Conocimientos básicos -- Conceptos de presión-temperatura-humedad -- La atmosfera -- La presión atmosférica -- La temperatura -- La humedad -- El punto de rocío -- La atmósfera estándar (ISA, International Standard Atmosphere -- El gradiente bárico vertical -- El gradiente térmico vertical -- Estabilidad e inestabilidad atmosférica -- Subida adiabática -- Masa de aire estable -- Aire inestable (gradiente>1°C cada 100 m) -- La influencia de la condensación en la estabilidad -- Diagramas de temperatura-altura -- La curva de estado -- La representación de aire estable -- La representación de aire inestable -- El efecto de la condensación -- La inversión térmica -- Mecanismo de la convección térmica -- La circulación convectiva -- La burbuja térmica -- La térmica -- La distribución de las ascendencias y las descendencias -- Tipos de térmicas -- Las nubes -- La clasificación de las nubes -- Las nubes bajas -- Los nubes medias Las nubes altos -- Las nubes lenticulares -- Las nubes de convección o de desarrollo – El Viento -- La génesis del viento -- La fuerza de Coriolis -- Las tipologías isobáricas ciclón y anticiclón -- La medida del viento -- Los vientos periódicos -- Corrientes dinámicas y termodinámicas -- El ascenso orográfico -- Los factores que influyen en el ascenso orográfico -- Las corrientes térmicas de ladera -- Los corrientes termodinámicas -- Stau y Foehn – Los frentes -- La definición de frente -- El frente cálido -- El frente frío -- El frente estacionario -- El frente ocluido -- La ley de Buys-Ballot -- La onda -- Las causas principales del fenómeno -- Las condiciones necesarias para que se forme la onda -- Las características de la onda -- Las nubes asociadas a la onda -- La previsión del tiempo -- Los mapas meteorológicos -- Los boletines meteorológicos -- Dónde conseguir la información meteorológica -- La seguridad del vuelo El aire a baja cota – El comportamiento del aire en los primeros 150 m desde el suelo -- ¿Cómo se distribuye la temperatura verticalmente? – El mecanismo de la convección térmica – La burbuja térmica de cerca – Casos especiales de movimientos de aire a niveles macroscópicos – La subsidencia – Las brisas de montaña y de mar – Desarrollo vertical de las nubes cumuliformes – Teoría de la constitución celular de la termocoinvección – La intensidad de los movimientos térmicos verticales – El viento – Las corrientes dinámicas de ladera – Las corrientes térmicas de ladera – El aire y su comportamiento cerca del terreno – El aire cerca de los obstáculos más bajos – El aire frente a un obstáculo simple: el muro – Obstáculos simples de dimensiones finitas – Efectos del aire en movimiento según obstáculos encontrados. | ||
| 526 | _aP203 | ||
| 526 | _aP200 | ||
| 526 | _aSEG65 | ||
| 526 | _aSEG64 | ||
| 526 | _aSEG63 | ||
| 526 | _aSEG62 | ||
| 526 | _aSEG61 | ||
| 526 | _aSEG60 | ||
| 526 | _aSEG59 | ||
| 526 | _aSEG58 | ||
| 526 | _aSEG57 | ||
| 526 | _aSEG56 | ||
| 526 | _aSEG55 | ||
| 526 | _aSEG54 | ||
| 526 | _aSEG53 | ||
| 526 | _aSEG52 | ||
| 526 | _aSEG51 | ||
| 526 | _aSEG50 | ||
| 526 | _aSEG49 | ||
| 526 | _aSEG48 | ||
| 526 | _aSEG47 | ||
| 526 | _aSEG46 | ||
| 526 | _aSEG24 | ||
| 526 | _aSEG23 | ||
| 526 | _aSEG22 | ||
| 526 | _aSEG21 | ||
| 526 | _aSEG20 | ||
| 526 | _aSEG19 | ||
| 526 | _aSEG18 | ||
| 526 | _aSEG17 | ||
| 526 | _aSEG16 | ||
| 526 | _aSEG14 | ||
| 526 | _aSEG13 | ||
| 526 | _aSEG12 | ||
| 526 | _aSEG11 | ||
| 526 | _aSEG10 | ||
| 526 | _aSEG09 | ||
| 526 | _aSEG06 | ||
| 526 | _aSEG05 | ||
| 526 | _aSEG04 | ||
| 526 | _aSEG03 | ||
| 526 | _aSEG02 | ||
| 526 | _aSEG68 | ||
| 526 | _aSEG66 | ||
| 526 | _aSEG45 | ||
| 526 | _aSEG25 | ||
| 526 | _aSEG01 | ||
| 526 | _aP163 | ||
| 526 | _aP162 | ||
| 526 | _aP161 | ||
| 526 | _aP160 | ||
| 526 | _aP159 | ||
| 526 | _aP158 | ||
| 526 | _aP157 | ||
| 526 | _aP156 | ||
| 526 | _aP155 | ||
| 526 | _aP154 | ||
| 526 | _aP153 | ||
| 526 | _aP152 | ||
| 526 | _aP151 | ||
| 526 | _aP150 | ||
| 526 | _aP149 | ||
| 526 | _aP142 | ||
| 526 | _aP141 | ||
| 526 | _aP140 | ||
| 526 | _aP139 | ||
| 526 | _aP138 | ||
| 526 | _aP137 | ||
| 526 | _aP132 | ||
| 526 | _aP131 | ||
| 526 | _aP130 | ||
| 526 | _aP126 | ||
| 526 | _aP125 | ||
| 526 | _aP124 | ||
| 526 | _aP123 | ||
| 526 | _aP115 | ||
| 526 | _aP122 | ||
| 526 | _aP121 | ||
| 526 | _aP116 | ||
| 526 | _a P114 | ||
| 526 | _aP112 | ||
| 526 | _aP111 | ||
| 526 | _aP104 | ||
| 526 | _aP103 | ||
| 526 | _aP102 | ||
| 526 | _aP101 | ||
| 526 | _aP100 | ||
| 526 | _aP96 | ||
| 526 | _aP95 | ||
| 526 | _aP93 | ||
| 526 | _aP92 | ||
| 526 | _aP91 | ||
| 526 | _aP88 | ||
| 526 | _aP83 | ||
| 526 | _aP82 | ||
| 526 | _aP79 | ||
| 526 | _aP78 | ||
| 526 | _aP75 | ||
| 526 | _aP74 | ||
| 526 | _aP71 | ||
| 526 | _aP69 | ||
| 526 | _a P51 | ||
| 526 | _aP49 | ||
| 526 | _aP48 | ||
| 526 | _aP47 | ||
| 526 | _aP33 | ||
| 526 | _aP31 | ||
| 526 | _a P30 | ||
| 526 | _aP29 | ||
| 526 | _aP27 | ||
| 526 | _aP26 | ||
| 526 | _aP25 | ||
| 526 | _aP24 | ||
| 526 | _a P22 | ||
| 526 | _aP10 | ||
| 526 | _aP09 | ||
| 526 | _a P08 | ||
| 526 | _aP06 | ||
| 526 | _aP05 | ||
| 526 | _aP04 | ||
| 526 | _aP01 | ||
| 650 | 7 |
_aMeteorología aeronáutica _2embne |
|
| 650 | 7 |
_aDrones _2embne |
|
| 942 |
_2ddc _cBOOK _n0 |
||
| 980 |
_618226 _aJaime Vilcazán _81 _gALBERTO SANCHEZ Responsable de Automatización |
||
| 999 |
_c61557 _d61557 |
||